A. WESLEY POWELL LEARNING RESOURCE CENTRE (WPLRC)

Wonderful Place to Learn, Research & Collaborate

Classics of International Relations (Record no. 15142)

MARC details
000 -LEADER
fixed length control field nam a22 4500
001 - ACCESSION NUMBER
control field 00
003 - CONTROL NUMBER IDENTIFIER
control field 00
005 - DATE AND TIME OF LATEST TRANSACTION
control field 20210115153700.0
008 - FIXED-LENGTH DATA ELEMENTS--GENERAL INFORMATION
fixed length control field 00
020 ## - INTERNATIONAL STANDARD BOOK NUMBER
International Standard Book Number 0 13 135336-5
040 ## - CATALOGING SOURCE
Original cataloging agency 00
Transcribing agency 00
082 ## - DEWEY DECIMAL CLASSIFICATION NUMBER
Classification number 327/VAS
245 ## - TITLE STATEMENT
Title Classics of International Relations
Statement of responsibility, etc. Vas, Jphn A.
260 ## - PUBLICATION, DISTRIBUTION, ETC. (IMPRINT)
Place of publication, distribution, etc. New Jersey
Name of publisher, distributor, etc. Prentice-Hall, Inc.,
Date of publication, distribution, etc. 1986
300 ## - PHYSICAL DESCRIPTION
Extent 23.3 cm
942 ## - ADDED ENTRY ELEMENTS (KOHA)
Source of classification or shelving scheme Dewey Decimal Classification
Koha item type Circ Books
Classification part 327/VAS
Item part 24982
Holdings
Withdrawn status Lost status Source of classification or shelving scheme Damaged status Not for loan Home library Current library Date acquired Total Checkouts Full call number Barcode Date last seen Price effective from Koha item type
    Dewey Decimal Classification     Wesley Powell Learning Resource Centre Wesley Powell Learning Resource Centre 01/15/2021   327/VAS 0 13 135336-5 01/15/2021 01/15/2021 Circ Books